000
00484nam a2200145Ia 4500
008
100122s9999 xx 000 0 und d
082
_b
66971
_a
823
100
_a
नाईक गुरुनाथ
245
_a
खतरनाक थ्री स्टार
260
_b
मनोरमा प्रकाशन
_c
2005
300
_a
171
630
_a
खतरनाक थ्री स्टार
730
_a
खतरनाक थ्री स्टार
942
_c
BOOK
999
_c
439317
_d
439314